Sports Quiz

Random Sports or NFL Quiz
Score 0/100 Timer 04:00
5 Plays Today
Year Quarterback % Correct
2009Peyton Manning
99.2%
2008Peyton Manning
99.2%
2007Peyton Manning
99.2%
2006Peyton Manning
99.2%
2005Peyton Manning
99.2%
2004Peyton Manning
99.2%
2003Peyton Manning
99.2%
2002Peyton Manning
99.2%
2001Peyton Manning
99.2%
2000Peyton Manning
99.2%
2009Eli Manning
99.2%
2005Eli Manning
99.2%
2009Tom Brady
99.1%
2007Tom Brady
99.1%
2006Tom Brady
99.1%
2005Tom Brady
99.1%
2004Tom Brady
99.1%
2003Tom Brady
99.1%
2002Tom Brady
99.1%
2009Drew Brees
98.7%
2008Drew Brees
98.7%
2007Drew Brees
98.7%
2006Drew Brees
98.7%
2005Drew Brees
98.7%
2009Aaron Rodgers
97.3%
2008Aaron Rodgers
97.3%
2009Tony Romo
96.9%
2007Tony Romo
96.9%
2009Brett Favre
96.4%
2007Brett Favre
96.4%
2006Brett Favre
96.4%
2005Brett Favre
96.4%
2004Brett Favre
96.4%
2002Brett Favre
96.4%
Year Quarterback % Correct
2001Brett Favre
96.4%
2000Brett Favre
96.4%
2009Philip Rivers
95.8%
2008Philip Rivers
95.8%
2006Philip Rivers
95.8%
2008Kurt Warner
93%
2001Kurt Warner
93%
2009Ben Roethlisberger
92.2%
2006Ben Roethlisberger
92.2%
2008Donovan McNabb
91.3%
2004Donovan McNabb
91.3%
2007Carson Palmer
90.3%
2006Carson Palmer
90.3%
2005Carson Palmer
90.3%
2009Matt Schaub
88.1%
2008Matt Cassel
81.4%
2007Matt Hasselbeck
81.2%
2005Matt Hasselbeck
81.2%
2003Matt Hasselbeck
81.2%
2004Daunte Culpepper
79.6%
2003Daunte Culpepper
79.6%
2002Daunte Culpepper
79.6%
2000Daunte Culpepper
79.6%
2008Jay Cutler
76.3%
2007Jay Cutler
76.3%
2002Rich Gannon
71.9%
2001Rich Gannon
71.9%
2000Rich Gannon
71.9%
2008Chad Pennington
69.4%
2006Chad Pennington
69.4%
2006Marc Bulger
68.8%
2004Marc Bulger
68.8%
2003Marc Bulger
68.7%
2008David Garrard
67.5%
Year Quarterback % Correct
2004Jake Delhomme
66.9%
2005Trent Green
66.4%
2004Trent Green
66.4%
2003Trent Green
66.4%
2002Trent Green
66.4%
2001Trent Green
66.4%
2005Drew Bledsoe
65.3%
2002Drew Bledsoe
65.3%
2002Steve McNair
62.2%
2001Jeff Garcia
61.5%
2000Jeff Garcia
61.5%
2007Jon Kitna
60.6%
2006Jon Kitna
60.6%
2003Jon Kitna
60.6%
2004Jake Plummer
60.3%
2001Jake Plummer
60.3%
2005Kerry Collins
57.9%
2002Kerry Collins
57.9%
2001Kerry Collins
57.9%
2000Kerry Collins
57.9%
2003Brad Johnson
57%
2004Aaron Brooks
56.2%
2003Aaron Brooks
56.2%
2002Aaron Brooks
56.2%
2001Aaron Brooks
56.2%
2007Derek Anderson
53%
2000Mark Brunell
51.7%
2000Vinny Testaverde
50.4%
2003Tommy Maddox
38.1%
2000Elvis Grbac
28%
2001Doug Flutie
25.9%
2000Steve Beuerlein
17.9%
Remove Ads.
Support Sporcle.
Get the best of Sporcle when you Go Orange. This ad-free experience offers more features, more stats, and more fun while also helping to support Sporcle. Thank you for becoming a member.

You're not logged in!

Compare scores with friends on all Sporcle quizzes.
OR
Log In

Sporcle TV

Today on Sporcle TV


Watch our educational content, quiz creation guides, and fun videos on Sporcle TV.

Show Comments

Extras

Top Quizzes Today


Score Distribution

Paid Content

Your Account Isn't Verified!

In order to create a playlist on Sporcle, you need to verify the email address you used during registration. Go to your Sporcle Settings to finish the process.

Report this User

Report this user for behavior that violates our Community Guidelines.

Details: